000 00645nas a2200229 4500
001 BR2014001546
003 BR-BrBNA
005 20231205123850.0
007 ta
008 230509b bl.|||p| |||| 00| 00por d
040 _aBR-BrBNA
_bpor
_cBiblioteca Nacional de Agricultura
041 _a(Pt)
072 _aF01; E16
100 1 _aLucini, M.A.
245 1 _aPerspectivas para a safra de alho 2013/2014
650 _aSAFRA
650 _aALHO
650 _aMERCADO NACIONAL
773 0 _tNosso Alho (Brazil)
_xISSN 2177-2959
_g(Dec 2013), no. 18 p. 42-44
_wBR2014001546
909 _a202311
_bLúcia
_c55
_dLúcia Elande
942 _2AGRIS
_n0
_cANA
999 _c236097
_d236097